| 000 | 00951cam a2200337 4500 | ||
|---|---|---|---|
| 008 | 090401t1997 xxu||||| |||| 00| 0 eng d | ||
| 020 | _a1853834475 | ||
| 035 | _a(Sirsi) u77403 | ||
| 041 | _aeng | ||
| 050 | _a651.2 | ||
| 110 |
_aWastebusters Limited _91325 |
||
| 245 | 4 | _aThe green office manual : a guide to responsible office practice. | |
| 250 | _aRevised edit. | ||
| 260 |
_aLondon _bEarthscan Publications Ltd. _c1997 |
||
| 300 | _axix,316p. ; 24cm. | ||
| 350 | _a39.95 | ||
| 520 | _aA revised edition of The Green Office Manual. | ||
| 650 | _aENERGY MANAGEMENT | ||
| 650 | _aENVIRONMENTAL MANAGEMENT | ||
| 650 | _aGREEN OFFICES | ||
| 650 | _aOFFICE EQUIPMENT | ||
| 650 | _aOFFICE SERVICES | ||
| 650 | _aOFFICE SUPPLIES | ||
| 650 | _aOFFICES | ||
| 650 | _aRECYCLING | ||
| 650 | _aWASTE DISPOSAL | ||
| 650 | _aWASTE MANAGEMENT | ||
| 690 | _aOFFICE SERVICES AND ADMINISTRATION | ||
| 942 | _n0 | ||
| 948 | _c26/03/1997 | ||
| 999 |
_c96307 _d96307 |
||